Exploring publication design

Bibliographic Details
Main Author: Evans, Poppy
Format: Book
Published: Australia : Thomson Delmar Learning , 2006
Series:Design exploration series
Subjects:

MARC

LEADER 00000cam a2200000 7i4500
001 0000019649
005 20070628.0
020 |a 1401831478 
040 |a INS 
090 0 0 |a Z246   |b E99 2006 
100 1 |a Evans, Poppy 
245 1 0 |a Exploring publication design   |c Poppy Evans 
260 |a Australia :   |b Thomson Delmar Learning ,   |c 2006 
300 |a xv, 217 p. :   |b ill., pic., col ;   |c 26 cm. 
440 0 |a Design exploration series 
500 |a Includes index 
650 0 0 |a Graphic design (Typography) 
650 0 0 |a Layout (Printing) 
999 |a 0000018821   |b BOOK   |c Open Shelf   |e Default branch